| 000 | 00356nam a22001457a 4500 | ||
|---|---|---|---|
| 008 | 210302b ||||| |||| 00| 0 eng d | ||
| 020 | _a9780631215660 | ||
| 041 | _aeng | ||
| 080 | _a33 | ||
| 082 | _a33 | ||
| 100 | _a59 | ||
| 101 | _aBIZ | ||
| 245 |
_aA Course in Monetary Economics Sequential Trade, Money and Uncertainty _cEden, B |
||
| 942 |
_2udc _cBK |
||
| 999 |
_c55453 _d55453 |
||